000
00314nam a22001337a 4500
008
180213b xxu||||| |||| 00| 0 eng d
020
_a
9780894261930
041
_a
eng
080
_a
658
100
_a
54
101
_a
MAN
245
_a
DATA ANALYSISS FFOR MANGERS WITH MINITAB
_c
HARRY.V.R
942
_2
udc
_c
BK
999
_c
42417
_d
42417